Statistiken für Städte und Gemeinden Landkreis Bautzen

Klicken Sie hier um das Quiz zu spielen!

Allgemein

  • Dieses Quiz wurde 4 mal gespielt
  • Das Durchschnittsergebnis liegt bei 31 aus 57

Antwortstatistiken

Einwohner:innenzahlKommune% Korrekt
38.140Bautzen
100%
10.686Bischofswerda
75%
2657Demitz-Thumitz
75%
2904Großharthau
75%
31.356Hoyerswerda
75%
17.015Kamenz
75%
1594Neukirch
75%
4770Neukirch/Lausitz
75%
7359Pulsnitz
75%
18.980Radeberg
75%
1340Rammenau
75%
6057Schirgiswalde-Kirschau
75%
5047Arnsdorf
50%
6280Bernsdorf
50%
2665Burkau
50%
1026Crostwitz
50%
4606Cunewalde
50%
4201Doberschau-Gaußig
50%
3445Elsterheide
50%
2702Elstra
50%
928Frankenthal
50%
2988Göda
50%
4168Großdubrau
50%
942Großnaundorf
50%
2715Großpostwitz
50%
9679Großröhrsdorf
50%
3937Haselbachtal
50%
2252Hochkirch
50%
4651Königsbrück
50%
3454Königswartha
50%
2515Kubschütz
50%
1847Laußnitz
50%
8082Lauta
50%
1634Lichtenberg
50%
5145Lohsa
50%
4714Malschwitz
50%
1202Nebelschütz
50%
2385Neschwitz
50%
2058Obergurig
50%
2505Ohorn
50%
2199Oßling
50%
9971Ottendorf-Okrilla
50%
2053Panschwitz-Kuckau
50%
760Puschwitz
50%
1150Räckelwitz
50%
3158Radibor
50%
1721Ralbitz-Rosenthal
50%
2961Schmölln-Putzkau
50%
2461Schwepnitz
50%
6552Sohland
50%
1786Spreetal
50%
1657Steina
50%
4827Wilthen
50%
2748Steinigtwolmsdorf
25%
4328Wachau
25%
3062Weißenberg
25%
5686Wittichenau
25%

Verteilung der Resultate

Perzentil nach korrekt beantworteten Fragen

Anzahl Personen mit jedem Resultat

Ihre Resultats-Entwicklung

Sie haben dieses Quiz noch nicht gespielt